000 00623nam a2200181Ia 4500
008 090124s9999 xx 000 0 und d
082 _b101116
100 _aफाटक गणेश कृष्णशास्त्री
245 _a लाडकी लक्ष्मी
250 _a1
260 _c1932
300 _a74
600 _aफाटक गणेश कृष्णशास्त्री
630 _a लाडकी लक्ष्मी
700 _aफाटक गणेश कृष्णशास्त्री
730 _a लाडकी लक्ष्मी
942 _cBOOK
999 _c147208
_d147208